000 00704nam a22001937a 4500
005 20260227115608.0
010 _aBACEN26
020 _a9789354888489
_c995.00
037 _bPrabhat Exams
082 _a000
100 _aKesharvani, Birendra
_987650
245 _aNDA/NA National Defence Academy & Naval Academy /
_cby Birendra Kesharvani
250 _a1
260 _aNew Delhi
_bPrabhat Exam
_c2025
270 _a4/19 Asaf Ali Road New Delhi
_bNew Delhi
_e110002
_k7827007777
_mprabhatbooks@gmail.com
300 _avp.
_c28cm(pb)
500 _aEntrance Examination Guide 2025 | Mathematics & General Ability Test: 8000+ MCQs With Latest Solved Papers
942 _2ddc
_cEN
_h000
_mKES
999 _c214997
_d214997